000 00567nam a2200193Ia 4500
999 _c65108
_d65108
003 GCL
005 20240530110807.0
008 140319s9999 xx 000 0 ara d
040 _aGCL /
_cGCL
082 0 4 _a640 /
_bش د
100 1 _aمؤسسة الديار
245 1 0 _aدليلك سيدتى : دليل المراة . جمال الوجه /
_cمؤسسة الديار
300 _a772 ص
490 _aدليلك سيدتى
_v0
650 0 4 _aالمرأة
650 0 4 _aالمرأة - تجميل
650 0 4 _aالاناقة الشخصية
942 _2ddc
_cBK